[Event "Wch Blitz (Women)"]
[Site "Almaty"]
[Date "2022.12.30"]
[Round "12"]
[White "Sultanbek, Zeinep"]
[Black "Chen, Jocelyn"]
[Result "1-0"]
[WhiteElo "1924"]
[BlackElo "1754"]
[PlyCount "89"]
[EventDate "2022.12.29"]
[EventType "swiss (blitz)"]
[EventRounds "17"]
[EventCountry "KAZ"]
[SourceTitle "CBM 211 Extra"]
[Source "ChessBase"]
[SourceDate "2023.01.31"]
[SourceVersion "1"]
[SourceVersionDate "2023.01.31"]
[SourceQuality "1"]

1. Nf3 d5 2. c4 e6 3. g3 Nf6 4. Bg2 Be7 5. 0-0 0-0 6. d4 dxc4 7. Qc2 a6 8. a4 Bd7 9. Qxc4 b5 10. Qd3 Nd5 11. Ne5 Nc6 12. Nxd7 Qxd7 13. axb5 Ncb4 14. Qb3 axb5 15. Rxa8 Rxa8 16. Bd2 Rb8 17. e4 c5 18. dxc5 Bxc5 19. exd5 Nxd5 20. Nc3 Nxc3 21. Bxc3 Qe7 22. Be5 Rb6 23. Qc3 b4 24. Qd3 f6 25. Bf4 e5 26. Be3 Bxe3 27. Qxe3 Rd6 28. Qb3+ Kh8 29. Qxb4 h6 30. Qe4 Rb6 31. Rc1 Qd7 32. b4 Rb8 33. Rb1 Rb5 34. Qc6 Qd3 35. Qa8+ Kh7 36. Be4+ Qxe4 37. Qxe4+ Kg8 38. Qc4+ Kh7 39. Qxb5 Kg6 40. Qd3+ Kf7 41. Qf5 Ke7 42. Rd1 Kf7 43. Rd7+ Kg8 44. Qg6 Kf8 45. Qf7# 1-0

[Event "Wch Blitz (Women)"]
[Site "Almaty"]
[Date "2022.12.29"]
[Round "4"]
[White "Lu, Miaoyi"]
[Black "Chen, Jocelyn"]
[Result "1-0"]
[WhiteElo "2168"]
[BlackElo "1754"]
[PlyCount "51"]
[EventDate "2022.12.29"]
[EventType "swiss (blitz)"]
[EventRounds "17"]
[EventCountry "KAZ"]
[SourceTitle "CBM 211 Extra"]
[Source "ChessBase"]
[SourceDate "2023.01.31"]
[SourceVersion "1"]
[SourceVersionDate "2023.01.31"]
[SourceQuality "1"]

1. e4 c5 2. Nc3 Nc6 3. Nf3 d6 4. d4 cxd4 5. Nxd4 Nf6 6. Bg5 e6 7. Qd2 Be7 8. 0-0-0 h6 9. Bxf6 gxf6 10. Ndb5 a6 11. Nxd6+ Bxd6 12. Qxd6 Qxd6 13. Rxd6 Ke7 14. Rd2 b5 15. Be2 e5 16. Nd5+ Kf8 17. Nxf6 Nd4 18. c3 Nxe2+ 19. Rxe2 Be6 20. Nd5 Rd8 21. Rd1 Kg7 22. Red2 f6 23. Rd3 Kf7 24. h3 h5 25. Rf3 Rh6 26. a3 1-0

[Event "Wch Rapid (Women)"]
[Site "Almaty"]
[Date "2022.12.27"]
[Round "7"]
[White "Assylkhan, Asiya"]
[Black "Chen, Jocelyn"]
[Result "1-0"]
[WhiteElo "1360"]
[BlackElo "1754"]
[PlyCount "53"]
[EventDate "2022.12.26"]
[EventType "swiss (rapid)"]
[EventRounds "11"]
[EventCountry "KAZ"]
[SourceTitle "CBM 211 Extra"]
[Source "ChessBase"]
[SourceDate "2023.01.31"]
[SourceVersion "1"]
[SourceVersionDate "2023.01.31"]
[SourceQuality "1"]

1. d4 Nf6 2. c4 e6 3. g3 c5 4. e3 d5 5. Nf3 Nc6 6. Bg2 cxd4 7. Nxd4 Bb4+ 8. Bd2 Bxd2+ 9. Qxd2 Nxd4 10. Qxd4 Qa5+ 11. Nc3 dxc4 12. Qd6 Nd5 13. Bxd5 exd5 14. Qe5+ Be6 15. Qxg7 Kd7 16. Rd1 Kc6 17. Qf6 Rad8 18. f4 Qb6 19. Ke2 d4 20. Rxd4 Qxb2+ 21. Kf3 Rxd4 22. Qxd4 Rg8 23. h3 a6 24. Rb1 Qc2 25. Qb6+ Kd7 26. Qxb7+ Kd8 27. Rd1+ 1-0

[Event "Wch Rapid (Women)"]
[Site "Almaty"]
[Date "2022.12.27"]
[Round "6"]
[White "Chen, Jocelyn"]
[Black "Balakanova, Gulnar"]
[Result "0-1"]
[WhiteElo "1754"]
[BlackElo "1754"]
[PlyCount "64"]
[EventDate "2022.12.26"]
[EventType "swiss (rapid)"]
[EventRounds "11"]
[EventCountry "KAZ"]
[SourceTitle "CBM 211 Extra"]
[Source "ChessBase"]
[SourceDate "2023.01.31"]
[SourceVersion "1"]
[SourceVersionDate "2023.01.31"]
[SourceQuality "1"]

1. e4 c5 2. Nf3 Nc6 3. d4 cxd4 4. Nxd4 Nf6 5. Nc3 e5 6. Ndb5 d6 7. a4 a6 8. Na3 Be7 9. Bg5 Be6 10. Bxf6 Bxf6 11. Nd5 Bg5 12. c3 0-0 13. h4 Bh6 14. g4 Bf4 15. Nxf4 exf4 16. Bc4 Ne5 17. Bxe6 fxe6 18. g5 d5 19. Qe2 d4 20. 0-0-0 d3 21. Qf1 b5 22. Nc2 bxa4 23. Nb4 a3 24. bxa3 Qc7 25. Kd2 Rfd8 26. Rc1 Qc4 27. Qd1 a5 28. Ra1 axb4 29. axb4 Rxa1 30. Qxa1 Nf3+ 31. Kd1 Qb3+ 32. Kc1 Qc2# 0-1

[Event "Wch Rapid (Women)"]
[Site "Almaty"]
[Date "2022.12.27"]
[Round "5"]
[White "Chen, Jocelyn"]
[Black "Bayasgalan, Khishigbaatar"]
[Result "0-1"]
[WhiteElo "1754"]
[BlackElo "1812"]
[PlyCount "172"]
[EventDate "2022.12.26"]
[EventType "swiss (rapid)"]
[EventRounds "11"]
[EventCountry "KAZ"]
[SourceTitle "CBM 211 Extra"]
[Source "ChessBase"]
[SourceDate "2023.01.31"]
[SourceVersion "1"]
[SourceVersionDate "2023.01.31"]
[SourceQuality "1"]

1. e4 c5 2. Nf3 e6 3. d4 cxd4 4. Nxd4 a6 5. Bd3 Nf6 6. 0-0 Qc7 7. Qe2 d6 8. c4 Nbd7 9. b3 Be7 10. Bb2 b6 11. Nc3 Bb7 12. f4 h5 13. Rae1 Rd8 14. a3 h4 15. h3 Nh5 16. Qe3 Nf8 17. Rc1 Qb8 18. b4 Ng3 19. Rfe1 Nd7 20. Nce2 Nxe2+ 21. Rxe2 Bf6 22. Nf3 Bxb2 23. Rxb2 Nf6 24. Re2 Qc7 25. Rec2 Qc6 26. Nd4 Qc7 27. Rc3 Nh5 28. Ne2 Nf6 29. R3c2 Qc6 30. Nd4 Qd7 31. Re1 Nh5 32. Nf3 Qe7 33. Rf2 0-0 34. Nd2 e5 35. f5 Nf4 36. Bf1 Qg5 37. Kh1 Rb8 38. Nf3 Qf6 39. Rd2 Nh5 40. Kg1 Ng3 41. Bd3 b5 42. cxb5 axb5 43. Qf2 Ra8 44. Ra2 d5 45. Bxb5 dxe4 46. Nd2 Rfd8 47. a4 Rd4 48. Nc4 Nxf5 49. Rf1 Ng3 50. Qxf6 gxf6 51. a5 Nxf1 52. Kxf1 Bd5 53. Rc2 Rc8 54. a6 Rdxc4 55. Bxc4 Rxc4 56. Rb2 Rc1+ 57. Kf2 Ra1 58. b5 Bc4 59. Ke3 f5 60. b6 Bxa6 61. b7 Bxb7 62. Rxb7 Ra3+ 63. Ke2 Ra2+ 64. Kf1 e3 65. Re7 Ra5 66. Ke2 f4 67. Kf3 Kg7 68. Re8 Rb5 69. Ke2 Rb2+ 70. Kf1 Kf6 71. Rh8 Kg5 72. Rg8+ Kf5 73. Rh8 e4 74. Rh5+ Kg6 75. Rxh4 f3 76. gxf3 exf3 77. Kg1 Rb1+ 78. Kh2 f2 79. Rg4+ Kh5 80. Rf4 f1Q 81. Rh4+ Kg5 82. Rg4+ Kf6 83. Rg2 Qf4+ 84. Rg3 Rb2+ 85. Kh1 Qf1+ 86. Rg1 Qxh3# 0-1

[Event "Wch Rapid (Women)"]
[Site "Almaty"]
[Date "2022.12.26"]
[Round "1"]
[White "Kamalidenova, Meruert"]
[Black "Chen, Jocelyn"]
[Result "1-0"]
[WhiteElo "2259"]
[BlackElo "1754"]
[PlyCount "78"]
[EventDate "2022.12.26"]
[EventType "swiss (rapid)"]
[EventRounds "11"]
[EventCountry "KAZ"]
[SourceTitle "CBM 211 Extra"]
[Source "ChessBase"]
[SourceDate "2023.01.31"]
[SourceVersion "1"]
[SourceVersionDate "2023.01.31"]
[SourceQuality "1"]

1. e4 c5 2. Nf3 d6 3. Bb5+ Bd7 4. Bxd7+ Qxd7 5. c4 e5 6. 0-0 Nf6 7. Nc3 g6 8. a3 Nc6 9. Rb1 Bg7 10. b4 0-0 11. d3 b6 12. Bg5 Ne8 13. Qd2 Nc7 14. b5 Nd4 15. Nxd4 cxd4 16. Na2 f5 17. exf5 Rxf5 18. Nb4 Bf6 19. Bxf6 Rxf6 20. a4 Kg7 21. Ra1 d5 22. Nc6 Qd6 23. Rfe1 dxc4 24. dxc4 Re6 25. a5 bxa5 26. Nxa5 a6 27. Rab1 Qc5 28. Rec1 Rb6 29. h3 Ne6 30. Nb3 Qe7 31. Qe2 Nc5 32. Nxd4 Qd6 33. Nc6 Re8 34. Rd1 Qc7 35. Rd5 Nd7 36. Rbd1 Nf6 37. Rd6 axb5 38. cxb5 e4 39. Qb2 Rf8 1-0

[Event "Las Vegas National op (Women)"]
[Site "Las Vegas"]
[Date "2021.06.16"]
[Round "2"]
[White "Tang, Zoey"]
[Black "Chen, Jocelyn"]
[Result "1-0"]
[WhiteElo "1871"]
[BlackElo "1497"]
[PlyCount "53"]
[EventDate "2021.06.16"]
[EventType "swiss"]
[EventRounds "5"]
[EventCountry "USA"]
[SourceTitle "CBM 203 Extra"]
[Source "ChessBase"]
[SourceDate "2021.09.30"]
[SourceVersion "1"]
[SourceVersionDate "2021.09.30"]
[SourceQuality "1"]

1. d4 d5 2. c4 e6 3. Nc3 Nf6 4. cxd5 exd5 5. Bg5 c6 6. e3 Nbd7 7. Bd3 Qa5 8. Nf3 Bb4 9. Qc2 0-0 10. 0-0 Bxc3 11. bxc3 Re8 12. c4 h6 13. Bh4 Ne4 14. cxd5 Qxd5 15. Ne5 Nd6 16. Rad1 Nf8 17. f4 f5 18. Rd2 Be6 19. g4 g6 20. Rg2 Kh7 21. Rf3 Rac8 22. Rh3 c5 23. Bf6 cxd4 24. Qf2 Rc1+ 25. Bf1 Qb5 26. Rxh6+ Kg8 27. Rh4 1-0